[Event "Chigorin Memorial"]
[Site "St Petersburg"]
[Date "2015.10.10"]
[Round "8.116"]
[White "Khmelev, Mikhail"]
[Black "Dragun, Valentin"]
[Result "0-1"]
[WhiteElo "1988"]
[BlackElo "2190"]
[PlyCount "54"]
[EventDate "2015.10.03"]
[EventRounds "9"]
[EventCountry "RUS"]

1. e4 e6 2. d4 d5 3. exd5 exd5 4. c4 dxc4 5. Bxc4 Nf6 6. Nf3 Be7 7. O-O O-O 8.
Nc3 a6 9. a4 Nc6 10. Re1 Bg4 11. d5 Nb4 12. b3 Re8 13. Bf4 Bd6 14. Rxe8+ Nxe8
15. Bg5 Bxf3 16. Qd2 f6 17. gxf3 fxg5 18. Ne4 g4 19. f4 h6 20. Re1 a5 21. Qd4
Nf6 22. Ng3 Qf8 23. Re6 Nd7 24. Nh5 Qf7 25. Ng3 Nc5 26. Qxc5 Bxc5 27. d6 cxd6
0-1

[Event "Chigorin Memorial"]
[Site "St Petersburg"]
[Date "2015.10.10"]
[Round "8.117"]
[White "Kamnev, Alexander"]
[Black "Tsirulnik, Maritsa"]
[Result "0-1"]
[WhiteElo "1951"]
[BlackElo "2153"]
[PlyCount "110"]
[EventDate "2015.10.03"]
[EventRounds "9"]
[EventCountry "RUS"]

1. e4 c5 2. Nf3 e6 3. d4 cxd4 4. Nxd4 a6 5. Bd3 Nf6 6. c4 Qc7 7. Qe2 d6 8. O-O
Nbd7 9. Nc3 Be7 10. f4 O-O 11. Nf3 Rd8 12. Kh1 Nf8 13. Bd2 b6 14. Rae1 Bb7 15.
f5 exf5 16. Nd5 Nxd5 17. exd5 Bf6 18. Bxf5 h6 19. b3 b5 20. Qd3 bxc4 21. bxc4
Nd7 22. Bxd7 Rxd7 23. Qf5 Re7 24. Rxe7 Qxe7 25. Qg4 Bc8 26. Qg3 Bf5 27. Bxh6
Qe2 28. Re1 Qxc4 29. Qxd6 Rd8 30. Qf4 Qxf4 31. Bxf4 Rxd5 32. Bg5 Bc3 33. Re8+
Kh7 34. h3 Rd1+ 35. Kh2 Ra1 36. Re7 Be6 37. Bf4 Bxa2 38. Rc7 Bf6 39. Ne5 Bd5
40. Rd7 Be6 41. Ra7 Ra4 42. Bg3 Ra2 43. Nd3 Bd5 44. Nb4 Rxg2+ 45. Kh1 Rxg3+ 46.
Nxd5 Rxh3+ 47. Kg2 Ra3 48. Rxf7 Kg6 49. Ra7 Kf5 50. Ra8 Kg4 51. Rb8 a5 52. Rb6
Ra2+ 53. Kf1 Bd4 54. Rb3 Rf2+ 55. Ke1 Rf5 0-1

[Event "Chigorin Memorial"]
[Site "St Petersburg"]
[Date "2015.10.10"]
[Round "8.118"]
[White "Babanin, Gleb"]
[Black "Svidinsky, Dmitry"]
[Result "0-1"]
[WhiteElo "1941"]
[BlackElo "2147"]
[PlyCount "70"]
[EventDate "2015.10.03"]
[EventRounds "9"]
[EventCountry "RUS"]

1. e4 c5 2. Nf3 d6 3. d4 cxd4 4. Nxd4 Nf6 5. Nc3 a6 6. f3 Qb6 7. Nb3 e6 8. Qe2
Be7 9. Be3 Qc7 10. O-O-O b5 11. g4 Bb7 12. g5 Nfd7 13. Qd2 Nc6 14. f4 Na5 15.
Nxa5 Qxa5 16. Bg2 O-O 17. Kb1 b4 18. Ne2 Rfc8 19. a3 Qa4 20. axb4 a5 21. b5
Qxb5 22. Nc3 Qb4 23. f5 Rab8 24. Na2 Qxd2 25. Rxd2 exf5 26. exf5 Ne5 27. f6
gxf6 28. gxf6 Bxf6 29. Bxb7 Rxb7 30. Rxd6 Rxb2+ 31. Ka1 Rcxc2 32. Rg1+ Kf8 33.
Rxf6 Rxa2+ 34. Kb1 Rcb2+ 35. Kc1 Nd3+ 0-1

[Event "Chigorin Memorial"]
[Site "St Petersburg"]
[Date "2015.10.10"]
[Round "8.120"]
[White "Feduk, Viktor"]
[Black "Dushin, Nikolay"]
[Result "1-0"]
[WhiteElo "2136"]
[BlackElo "1936"]
[PlyCount "93"]
[EventDate "2015.10.03"]
[EventRounds "9"]
[EventCountry "RUS"]

1. e4 c6 2. d4 d5 3. exd5 cxd5 4. c4 Nf6 5. Nc3 e6 6. Nf3 Bb4 7. Qb3 Nc6 8. c5
Ne4 9. Bb5 Qa5 10. Bd2 Nxd2 11. Nxd2 O-O 12. Bxc6 bxc6 13. a3 Bxc3 14. Qxc3
Qxc3 15. bxc3 Rb8 16. Ke2 Ba6+ 17. Ke3 f6 18. Rhb1 e5 19. Nb3 Rbe8 20. Re1 Re6
21. Kd2 Rb8 22. Rab1 Kf7 23. Na5 Rxb1 24. Rxb1 exd4 25. cxd4 Re2+ 26. Kc3 Rxf2
27. Nxc6 Rxg2 28. Nxa7 Ra2 29. Rb3 f5 30. Kb4 f4 31. c6 Rc2 32. Rf3 g5 33. Ka5
Be2 34. Rf2 Bd1 35. Rf1 Bg4 36. a4 f3 37. h3 Be6 38. Rxf3+ Kg6 39. Kb6 h5 40.
Re3 Kf6 41. a5 g4 42. h4 Rc4 43. a6 Rxd4 44. Nb5 Ra4 45. a7 d4 46. Nxd4 Bc4 47.
c7 1-0

[Event "Chigorin Memorial"]
[Site "St Petersburg"]
[Date "2015.10.10"]
[Round "8.121"]
[White "Shmoilov, Dmitry"]
[Black "Altshul, Raffael"]
[Result "1/2-1/2"]
[WhiteElo "1934"]
[BlackElo "2130"]
[PlyCount "79"]
[EventDate "2015.10.03"]
[EventRounds "9"]
[EventCountry "RUS"]

1. d4 Nf6 2. c4 e6 3. g3 d5 4. Bg2 Bb4+ 5. Bd2 Bd6 6. Nf3 c6 7. Qc2 O-O 8. O-O
Nbd7 9. Bg5 h6 10. Bxf6 Nxf6 11. Nfd2 e5 12. cxd5 cxd5 13. dxe5 Bxe5 14. Nf3
Qe7 15. Nxe5 Qxe5 16. e3 Bf5 17. Qc3 Qe6 18. Qd4 Bh3 19. Nc3 Bxg2 20. Kxg2 Rac8
21. b3 Rfd8 22. Rac1 a6 23. Ne2 Qe4+ 24. f3 Qxd4 25. Nxd4 g6 26. Kf2 Kf8 27.
Rfd1 Ke7 28. g4 h5 29. g5 Ne8 30. Ne2 Rxc1 31. Rxc1 Kd6 32. h4 Nc7 33. Rc2 Ne6
34. Ke1 Re8 35. Kd2 Rd8 36. Kd3 Nc5+ 37. Kd2 Ne6 38. Kd3 Nc5+ 39. Kd2 Ne6 40.
Kd3 1/2-1/2

[Event "Chigorin Memorial"]
[Site "St Petersburg"]
[Date "2015.10.10"]
[Round "8.122"]
[White "Bratus, Petr P"]
[Black "Kokhnover, Ilya"]
[Result "1/2-1/2"]
[WhiteElo "2124"]
[BlackElo "1925"]
[PlyCount "82"]
[EventDate "2015.10.03"]
[EventRounds "9"]
[EventCountry "RUS"]

1. d4 Nf6 2. Nf3 e6 3. e3 b6 4. Bd3 Bb7 5. O-O Be7 6. Qe2 d5 7. c4 O-O 8. Nc3
Ne4 9. Qc2 Nxc3 10. bxc3 h6 11. e4 dxe4 12. Bxe4 Bxe4 13. Qxe4 Nd7 14. Bf4 Bd6
15. Rfe1 Nf6 16. Qe3 Bxf4 17. Qxf4 Qd6 18. Qe3 c5 19. h3 Rac8 20. Ne5 Nd7 21.
Rad1 cxd4 22. cxd4 Nxe5 23. dxe5 Qc5 24. Rd4 Rfd8 25. Rxd8+ Rxd8 26. Qxc5 bxc5
27. Rb1 Rd4 28. Rb8+ Kh7 29. Rb7 Kg6 30. Rxa7 Rxc4 31. f3 Rc2 32. a4 c4 33. a5
c3 34. a6 Ra2 35. Rc7 c2 36. a7 Rxa7 37. Rxc2 Kf5 38. Rc5 h5 39. h4 Rd7 40. Kf2
Rd2+ 41. Kg3 Rd7 1/2-1/2

[Event "Chigorin Memorial"]
[Site "St Petersburg"]
[Date "2015.10.10"]
[Round "8.123"]
[White "Fedoseeva, Valentina"]
[Black "Fraiman, Dmitry"]
[Result "0-1"]
[WhiteElo "1932"]
[BlackElo "2122"]
[PlyCount "80"]
[EventDate "2015.10.03"]
[EventRounds "9"]
[EventCountry "RUS"]

1. e4 c5 2. Nf3 d6 3. Bb5+ Nc6 4. Bxc6+ bxc6 5. O-O e5 6. Re1 f5 7. d3 Be7 8.
c3 Nf6 9. Nbd2 O-O 10. Qb3+ Kh8 11. Ng5 fxe4 12. Nf7+ Rxf7 13. Qxf7 exd3 14. f4
Ng4 15. h3 Nh6 16. Qc4 d5 17. Qxd3 e4 18. Qe2 Bh4 19. Rd1 Qe7 20. Nf1 a5 21. c4
Ba6 22. b3 Bf6 23. Rb1 g6 24. g4 Bg7 25. Ng3 Re8 26. Re1 a4 27. Bb2 Bd4+ 28.
Kh2 axb3 29. axb3 Qh4 30. Kg2 Kg8 31. Qd2 e3 32. Qa5 Bc8 33. cxd5 Nxg4 34. hxg4
Qxg4 35. Rh1 Bf5 36. Qe1 Be4+ 37. Kh2 Bxd5 38. Bxd4 cxd4 39. Rf1 e2 40. Rh1 Re3
0-1

[Event "Chigorin Memorial"]
[Site "St Petersburg"]
[Date "2015.10.10"]
[Round "8.124"]
[White "Yakimenko, Anastasia"]
[Black "Mischeryakov, Alexey"]
[Result "1/2-1/2"]
[WhiteElo "2115"]
[BlackElo "1923"]
[PlyCount "102"]
[EventDate "2015.10.03"]
[EventRounds "9"]
[EventCountry "RUS"]

1. Nf3 Nf6 2. g3 g6 3. Bg2 Bg7 4. O-O O-O 5. d3 d6 6. e4 e5 7. Nc3 c6 8. d4
exd4 9. Nxd4 Re8 10. h3 Na6 11. Nb3 Be6 12. Be3 d5 13. exd5 Nxd5 14. Nxd5 Bxd5
15. Bxd5 cxd5 16. c3 b6 17. Qf3 Qd7 18. Kh2 Nc7 19. Rfd1 Rad8 20. Rd2 Qe6 21.
Rad1 Qe4 22. Qxe4 Rxe4 23. Nd4 a6 24. Nc6 Rd6 25. Nb4 d4 26. Bxd4 Bxd4 27. Rxd4
Rdxd4 28. Rxd4 Re2 29. Nd3 Ne6 30. Rd5 Nc5 31. Nxc5 bxc5 32. Kg2 Rxb2 33. a4
Ra2 34. Rxc5 Rxa4 35. Kf3 Kf8 36. Rc7 Kg7 37. c4 Kf6 38. c5 a5 39. Ra7 Ke6 40.
c6 Rc4 41. c7 Kd7 42. Rxa5 Rxc7 43. Re5 Rc4 44. g4 f6 45. Re3 Rd4 46. Kg3 Rd6
47. f4 Re6 48. Ra3 Ke8 49. h4 Re7 50. h5 Kf7 51. hxg6+ hxg6 1/2-1/2

[Event "Chigorin Memorial"]
[Site "St Petersburg"]
[Date "2015.10.10"]
[Round "8.125"]
[White "Lazhevskaya, Zhanni"]
[Black "Grishaev, Igor"]
[Result "1-0"]
[WhiteElo "2098"]
[BlackElo "1922"]
[PlyCount "49"]
[EventDate "2015.10.03"]
[EventRounds "9"]
[EventCountry "RUS"]

1. e4 c5 2. Nf3 d6 3. d4 cxd4 4. Nxd4 Nf6 5. Nc3 a6 6. Be3 e6 7. f3 b5 8. Qd2
Be7 9. O-O-O Qc7 10. g4 h5 11. g5 Nfd7 12. g6 Nc5 13. gxf7+ Kxf7 14. Nf5 b4 15.
Nd5 exd5 16. Qxd5+ Be6 17. Qxa8 Bxa2 18. Bxc5 dxc5 19. Nxe7 Kxe7 20. b3 Rf8 21.
Rg1 Qe5 22. Qb7+ Ke8 23. Qc8+ Ke7 24. Rxg7+ Qxg7 25. Qc7+ 1-0

[Event "Chigorin Memorial"]
[Site "St Petersburg"]
[Date "2015.10.10"]
[Round "8.126"]
[White "Kopylov, Yuriy"]
[Black "Glukhov, Dmitriy"]
[Result "1-0"]
[WhiteElo "2088"]
[BlackElo "1893"]
[PlyCount "99"]
[EventDate "2015.10.03"]
[EventRounds "9"]
[EventCountry "RUS"]

1. e4 c5 2. c3 Nf6 3. e5 Nd5 4. d4 cxd4 5. Nf3 Nc6 6. Bc4 Nb6 7. Bb3 e6 8. cxd4
d5 9. Nc3 Be7 10. O-O O-O 11. Bf4 a6 12. Rc1 Bd7 13. Bc2 Nc4 14. Bb1 g6 15. Bh6
Re8 16. Rc2 Rc8 17. Bc1 Na7 18. h4 Nb5 19. h5 Nxc3 20. Rxc3 Qa5 21. Rd3 Bb5 22.
b4 Qxb4 23. Rb3 Qa5 24. Ng5 Rf8 25. Nxh7 Nxe5 26. dxe5 Bxf1 27. Nxf8 Be2 28.
Qxe2 Rxc1+ 29. Kh2 Kxf8 30. hxg6 Qe1 31. Qxe1 Rxe1 32. f4 b5 33. g7+ Kxg7 34.
Rg3+ Kf8 35. Bh7 Bc5 36. Rg8+ Ke7 37. Rc8 Be3 38. Rc7+ Kf8 39. g3 Re2+ 40. Kh3
Rxa2 41. Kg4 Ra1 42. Kg5 Kg7 43. Bf5 Rc1 44. Rd7 Rc6 45. Bg6 Rc8 46. Rxf7+ Kg8
47. Kf6 a5 48. Rg7+ Kh8 49. Bf7 Rf8 50. Rg5 1-0

[Event "Chigorin Memorial"]
[Site "St Petersburg"]
[Date "2015.10.10"]
[Round "8.127"]
[White "Nuritdinov, Nizomiddin"]
[Black "Kurilo, Vladislav"]
[Result "0-1"]
[WhiteElo "1918"]
[BlackElo "2088"]
[PlyCount "61"]
[EventDate "2015.10.03"]
[EventRounds "9"]
[EventCountry "RUS"]

1. d4 f5 2. Nf3 Nf6 3. b3 d6 4. Bb2 g6 5. Nbd2 Bg7 6. e3 O-O 7. c4 Qe8 8. Qc2
Nbd7 9. d5 a5 10. Nd4 Nc5 11. Be2 c6 12. dxc6 bxc6 13. Bf3 Bd7 14. g3 e5 15.
Ne2 e4 16. Bg2 Nd3+ 17. Kf1 Nxb2 18. Qxb2 Nd5 19. Qc1 Bxa1 20. Qxa1 Nb4 21. h4
Qe5 22. Qb1 a4 23. a3 axb3 24. Qxb3 Qa1+ 25. Nb1 Nd3 26. Nec3 Rfb8 27. Qd1 Qb2
28. Qe2 Qxb1+ 29. Nxb1 Rxb1+ 30. Qd1 Rxd1+ 31. Ke2 0-1

[Event "Chigorin Memorial"]
[Site "St Petersburg"]
[Date "2015.10.10"]
[Round "8.128"]
[White "Aseev, Vladimir"]
[Black "Ivanov, Artem"]
[Result "1-0"]
[WhiteElo "2087"]
[BlackElo "1898"]
[PlyCount "125"]
[EventDate "2015.10.03"]
[EventRounds "9"]
[EventCountry "RUS"]

1. d4 Nf6 2. Nf3 e6 3. c4 c5 4. d5 exd5 5. cxd5 d6 6. Nc3 g6 7. Bf4 Bg7 8. h3
O-O 9. e3 Ne8 10. Be2 Nd7 11. O-O Qe7 12. Qb3 Ne5 13. Nd2 Bf5 14. e4 Bc8 15.
Bh2 f6 16. f4 Nf7 17. Rae1 Nc7 18. Bd3 Re8 19. a4 b6 20. Nf3 Ba6 21. Bxa6 Nxa6
22. e5 f5 23. exd6 Qxd6 24. Nb5 Qf6 25. Ne5 Bf8 26. d6 Qe6 27. Qd1 Nxd6 28. Nf3
Ne4 29. Ng5 Qc6 30. Nxe4 Rxe4 31. Rxe4 Qxe4 32. Re1 Rd8 33. Qb3+ c4 34. Qc3 Qd3
35. Rc1 Bb4 36. Qxc4+ Qxc4 37. Rxc4 Rd1+ 38. Kf2 Rd2+ 39. Kf1 Rxb2 40. Rc8+ Kg7
41. Ra8 Nc5 42. Rxa7+ Kf6 43. Bg3 Ne4 44. Bh4+ g5 45. fxg5+ Ke5 46. g3 Nd2+ 47.
Ke2 Nb3+ 48. Kd3 Nc1+ 49. Kc4 Bc5 50. Kc3 Rg2 51. Rxh7 Ne2+ 52. Kc4 Nxg3 53. a5
f4 54. a6 Ra2 55. a7 Nf5 56. Be1 Nd6+ 57. Kb3 Ra6 58. Nxd6 Bxd6 59. Bf2 Bc5 60.
g6 Kf6 61. g7 Kf7 62. Bxc5 Rxa7 63. Bd4 1-0

[Event "Chigorin Memorial"]
[Site "St Petersburg"]
[Date "2015.10.10"]
[Round "8.129"]
[White "Polozhentsev, Maksim"]
[Black "Palin, Denis"]
[Result "0-1"]
[WhiteElo "1897"]
[BlackElo "2081"]
[PlyCount "90"]
[EventDate "2015.10.03"]
[EventRounds "9"]
[EventCountry "RUS"]

1. d4 d6 2. Nf3 Nc6 3. Bf4 g6 4. e3 Bg7 5. Bb5 Bd7 6. O-O a6 7. Ba4 b5 8. Bb3
Na5 9. Nbd2 Nxb3 10. axb3 Nf6 11. e4 O-O 12. h3 c5 13. c3 cxd4 14. cxd4 Re8 15.
Be3 e5 16. d5 Nh5 17. Nh2 Nf4 18. b4 a5 19. bxa5 Rxa5 20. Nb3 Ra4 21. f3 Qg5
22. Qd2 Bxh3 23. Bxf4 exf4 24. Rxa4 bxa4 25. Na5 Rb8 26. Nc4 Bd7 27. Rc1 h5 28.
Rc2 Qf6 29. Nf1 Bb5 30. e5 dxe5 31. Qd3 Bf8 32. Nfd2 Bc5+ 33. Kf1 Qh4 34. Ne4
Qh1+ 35. Ke2 Qxg2+ 36. Kd1 Qg1+ 37. Ke2 Bxc4 38. Qxc4 Qe3+ 39. Kd1 Qxf3+ 40.
Kc1 Be3+ 41. Kb1 Bd4 42. Ng5 Qb3 43. Qc7 Rf8 44. d6 a3 45. Nxf7 Bxb2 0-1

[Event "Chigorin Memorial"]
[Site "St Petersburg"]
[Date "2015.10.10"]
[Round "8.130"]
[White "Kuznetsov, Felix"]
[Black "Kochetkov, Victor N"]
[Result "1-0"]
[WhiteElo "2074"]
[BlackElo "1853"]
[PlyCount "49"]
[EventDate "2015.10.03"]
[EventRounds "9"]
[EventCountry "RUS"]

1. e4 a6 2. c4 d6 3. Nc3 c6 4. g3 e5 5. Bg2 Be7 6. Nf3 h6 7. d4 Qc7 8. Be3 b5
9. cxb5 axb5 10. O-O Nf6 11. Rc1 Ba6 12. Nd5 Qb7 13. dxe5 cxd5 14. exf6 Bxf6
15. e5 Bd8 16. Nh4 Nd7 17. Bxd5 Qb8 18. e6 Ne5 19. exf7+ Nxf7 20. Bc6+ Kf8 21.
Ng6+ Kg8 22. Nxh8 Kxh8 23. Qd5 Ra7 24. Bxa7 Qxa7 25. Rfe1 1-0

[Event "Chigorin Memorial"]
[Site "St Petersburg"]
[Date "2015.10.10"]
[Round "8.131"]
[White "Zemnitskiy, Alexander"]
[Black "Nikitinyh, Boris"]
[Result "0-1"]
[WhiteElo "1856"]
[BlackElo "2065"]
[PlyCount "138"]
[EventDate "2015.10.03"]
[EventRounds "9"]
[EventCountry "RUS"]

1. e4 c6 2. d4 d5 3. Nc3 dxe4 4. Nxe4 Bf5 5. Ng3 Bg6 6. Nf3 Nd7 7. Bd3 e6 8.
O-O Ngf6 9. b3 Bd6 10. c4 O-O 11. Bb2 Qc7 12. Re1 Rad8 13. Bxg6 hxg6 14. Qc2
Rfe8 15. Rad1 c5 16. a3 a6 17. dxc5 Bxc5 18. b4 Bd6 19. c5 Be7 20. Nd2 Nd5 21.
Nc4 b6 22. Ne3 Nxe3 23. Rxe3 bxc5 24. Ne4 Nf6 25. Bxf6 gxf6 26. Rc1 Rd5 27.
Nxc5 Bxc5 28. bxc5 Red8 29. c6 Rd2 30. Qc4 a5 31. g3 Kg7 32. Qb5 Rb8 33. Qc5
Rbb2 34. Rf3 e5 35. Qc3 Qb6 36. Qc5 Rd1+ 37. Kg2 Rxc1 38. Qxc1 Rb1 39. Qc4 Qc7
40. Rc3 Rb8 41. Qa6 Re8 42. Qb7 Re7 43. Qb5 e4 44. Qd5 Re6 45. Qd7 Qxd7 46.
cxd7 Rd6 47. Rc7 f5 48. h4 Rd2 49. Kf1 Kf6 50. Ke1 Rd5 51. Ke2 Ke6 52. Ra7 Rxd7
53. Rxa5 Rd3 54. Ra8 Rb3 55. a4 Ra3 56. a5 Ke5 57. a6 f4 58. a7 f3+ 59. Kd2 Kf5
60. h5 gxh5 61. Rh8 Rxa7 62. Rxh5+ Kg6 63. Rh4 f5 64. Rh2 Ra2+ 65. Ke3 Kg5 66.
Kd4 Re2 67. Ke5 e3 68. Rh1 exf2+ 69. Kd4 Re1 0-1

[Event "Chigorin Memorial"]
[Site "St Petersburg"]
[Date "2015.10.10"]
[Round "8.132"]
[White "Kopasov, Evgeny"]
[Black "Vorobyova, Valeriya"]
[Result "0-1"]
[WhiteElo "2050"]
[BlackElo "1850"]
[PlyCount "106"]
[EventDate "2015.10.03"]
[EventRounds "9"]
[EventCountry "RUS"]

1. d4 Nf6 2. c4 g6 3. f3 c5 4. d5 d6 5. Nc3 Bg7 6. e4 a6 7. a4 O-O 8. Nge2 Nbd7
9. Ng3 Qc7 10. Be2 Ne5 11. O-O e6 12. f4 Ned7 13. dxe6 fxe6 14. f5 Ne5 15. fxg6
Nxg6 16. Nh5 Nxh5 17. Rxf8+ Nxf8 18. Bxh5 Bd4+ 19. Kh1 Qg7 20. Ra3 Ng6 21. Bxg6
Qxg6 22. Bf4 e5 23. Nd5 Bg4 24. Qxg4 Qxg4 25. Nf6+ Kg7 26. Nxg4 exf4 27. Rf3 b5
28. Rxf4 bxc4 29. Rf3 Bxb2 30. Ne3 c3 31. Nc2 Rb8 32. Kg1 Rb4 33. Rd3 Rxe4 34.
Kf2 Re6 35. Kf3 Kf7 36. g4 Ke7 37. h4 Re5 38. Kf4 Ke6 39. g5 d5 40. Rg3 Re4+
41. Kf3 Kf5 42. h5 Re6 43. g6 hxg6 44. hxg6 Rxg6 45. Ne3+ Kf6 46. Nxd5+ Ke5 47.
Rxg6 Kxd5 48. Rg2 Kc4 49. Ke4 Kb3 50. Kd5 Ba3 51. a5 c2 52. Rg1 c4 53. Kc6 c1=Q
0-1

[Event "Chigorin Memorial"]
[Site "St Petersburg"]
[Date "2015.10.10"]
[Round "8.134"]
[White "Illina, Natalia"]
[Black "Selezneva, Ekaterina"]
[Result "1-0"]
[WhiteElo "2041"]
[BlackElo "1700"]
[PlyCount "75"]
[EventDate "2015.10.03"]
[EventRounds "9"]
[EventCountry "RUS"]

1. e4 c5 2. Nf3 d6 3. Bb5+ Bd7 4. Bxd7+ Qxd7 5. O-O Nf6 6. Qe2 Nc6 7. c3 e6 8.
d4 cxd4 9. cxd4 d5 10. e5 Ne4 11. Rd1 Be7 12. Ne1 f6 13. f3 Ng5 14. Bxg5 fxg5
15. Nc2 O-O 16. Nc3 Rac8 17. Rac1 b6 18. Kh1 Rf4 19. Qb5 Qe8 20. Ne2 Rh4 21.
Ne3 Rh6 22. Rc2 Nb8 23. Qxe8+ Rxe8 24. Rc7 a6 25. Rdc1 Kf8 26. a3 Rg6 27. Rb7
b5 28. g4 h5 29. gxh5 Rh6 30. Ng3 Rh8 31. Rcc7 Kf7 32. Nxd5 exd5 33. Nf5 Rxh5
34. Nxe7 Reh8 35. Nf5+ Kg6 36. Rxg7+ Kxf5 37. Rbf7+ Ke6 38. Rf6# 1-0

[Event "Chigorin Memorial"]
[Site "St Petersburg"]
[Date "2015.10.10"]
[Round "8.135"]
[White "Mukhtarova, Viktoriya"]
[Black "Rybaizen, Boris"]
[Result "1-0"]
[WhiteElo "1782"]
[BlackElo "2324"]
[PlyCount "97"]
[EventDate "2015.10.03"]
[EventRounds "9"]
[EventCountry "RUS"]

1. Nf3 d5 2. g3 c5 3. Bg2 Nc6 4. O-O e5 5. d3 Nf6 6. Nbd2 h6 7. e4 Be7 8. Re1
d4 9. Nc4 Qc7 10. a4 g5 11. Rf1 Be6 12. Ne1 O-O-O 13. f4 gxf4 14. gxf4 Nd7 15.
f5 Bxc4 16. dxc4 Rdg8 17. Kh1 h5 18. Nd3 Qd8 19. Bf3 h4 20. Rg1 Bg5 21. Bxg5
Rxg5 22. Rxg5 Qxg5 23. Qg1 Qh6 24. Qg2 Ne7 25. Rd1 b6 26. Qd2 Qxd2 27. Rxd2 Kc7
28. Rg2 Rh7 29. Rg5 Kd6 30. Rh5 Rxh5 31. Bxh5 Nf6 32. Bf3 Nxf5 33. exf5 e4 34.
Kg2 exd3 35. cxd3 Ke5 36. Kh3 Kxf5 37. Kxh4 Kf4 38. Be2 Ke3 39. Bf1 Nd7 40. Kg5
Ne5 41. h4 Nxd3 42. Bxd3 Kxd3 43. h5 Kxc4 44. Kf4 Kd3 45. h6 Kc2 46. h7 d3 47.
h8=Q d2 48. Qc3+ Kd1 49. Ke3 1-0

[Event "Chigorin Memorial"]
[Site "St Petersburg"]
[Date "2015.10.10"]
[Round "8.136"]
[White "Schetchikov, Vladimir"]
[Black "Sakorenko, Adriana"]
[Result "0-1"]
[WhiteElo "2222"]
[BlackElo "1935"]
[PlyCount "109"]
[EventDate "2015.10.03"]
[EventRounds "9"]
[EventCountry "RUS"]

1. e4 c5 2. c4 Nc6 3. Nc3 d6 4. g3 e6 5. Bg2 Nf6 6. d3 a6 7. Nge2 Qc7 8. O-O
Be7 9. f4 Rb8 10. a4 O-O 11. h3 Nd7 12. f5 Bf6 13. g4 h6 14. Be3 Nde5 15. Nf4
Qe7 16. Qd2 Bg5 17. Rad1 Nb4 18. Qe2 Bd7 19. b3 Nbc6 20. Nh5 Bxe3+ 21. Qxe3 Qg5
22. Qxg5 hxg5 23. f6 g6 24. Ng3 Nd4 25. Rb1 Nxd3 26. e5 dxe5 27. Nge4 Rfc8 28.
Nxg5 Nf4 29. Be4 Bc6 30. Kh2 Rd8 31. Nf3 Nxf3+ 32. Rxf3 Bxe4 33. Nxe4 b6 34.
Re3 Rd4 35. a5 b5 36. Nxc5 bxc4 37. Nxa6 Ra8 38. Nb4 Rxa5 39. Nc6 Rd2+ 40. Kg3
Ne2+ 41. Kh4 Rb5 42. Nxe5 c3 43. Nf3 Rb2 44. Ra1 Rb8 45. Ng5 c2 46. Rxe2 c1=Q
47. Rxc1 Rxe2 48. Rc7 Rf8 49. b4 Rb2 50. Rb7 Rf2 51. Kg3 Rxf6 52. Ne4 Rf1 53.
g5 Kg7 54. Nf6 Rg1+ 55. Kh4 0-1

[Event "Chigorin Memorial"]
[Site "St Petersburg"]
[Date "2015.10.10"]
[Round "8.137"]
[White "Voronenkov, Sergey"]
[Black "Mamyrbay, Assad"]
[Result "0-1"]
[WhiteElo "1926"]
[BlackElo "2195"]
[PlyCount "80"]
[EventDate "2015.10.03"]
[EventRounds "9"]
[EventCountry "RUS"]

1. e4 e5 2. Nf3 Nc6 3. Bb5 a6 4. Ba4 Nf6 5. O-O Be7 6. Re1 b5 7. Bb3 O-O 8. h3
d6 9. c3 Nb8 10. d4 Nbd7 11. Nbd2 Bb7 12. Bc2 Re8 13. Nf1 Bf8 14. Ng3 g6 15.
Bg5 h6 16. Bd2 Bg7 17. a4 exd4 18. cxd4 c5 19. d5 Qc7 20. Qc1 Kh7 21. h4 h5 22.
Ng5+ Kg8 23. f4 Ng4 24. Nf3 c4 25. Nf1 Qc5+ 26. Ne3 b4 27. Qb1 b3 28. Bd1 Bxd5
29. Bb4 Qxb4 30. Nxd5 Qc5+ 31. Kh1 Ndf6 32. Nxf6+ Bxf6 33. e5 dxe5 34. Nxe5
Nxe5 35. fxe5 Rxe5 36. Bf3 Rae8 37. Rxe5 Qxe5 38. Qf1 Qg3 39. Qxc4 Re1+ 40.
Rxe1 Qxe1+ 0-1

[Event "Chigorin Memorial"]
[Site "St Petersburg"]
[Date "2015.10.10"]
[Round "8.138"]
[White "Zherebtsova, Alexandra"]
[Black "Shakirova, Renata"]
[Result "1-0"]
[WhiteElo "2181"]
[BlackElo "1932"]
[PlyCount "83"]
[EventDate "2015.10.03"]
[EventRounds "9"]
[EventCountry "RUS"]

1. d4 Nf6 2. Nf3 d5 3. b3 c5 4. e3 Nc6 5. Bb2 Bg4 6. Nbd2 cxd4 7. exd4 e6 8.
Bd3 Bd6 9. O-O O-O 10. a3 Rc8 11. Qe1 Bh5 12. Ne5 Qb6 13. Ndf3 Bxe5 14. dxe5
Nd7 15. Ng5 h6 16. Nh3 Nc5 17. Qe3 Nxd3 18. Qxd3 Bg6 19. Qd2 Ne7 20. Rac1 Rc6
21. Nf4 Bh7 22. Ne2 Rfc8 23. Nd4 Rc5 24. a4 Nf5 25. Nxf5 Bxf5 26. Bd4 Qa6 27.
Bxc5 Rxc5 28. Rfe1 Qc6 29. c3 Qb6 30. Qd4 Qc7 31. Re3 b5 32. axb5 Rxb5 33. c4
dxc4 34. Qxc4 Qb6 35. h3 Rb4 36. Qc8+ Kh7 37. Rcc3 Qd4 38. Qf8 Rb7 39. Rg3 g5
40. Rc8 Kg6 41. Qg8+ Kh5 42. Rxg5+ 1-0

[Event "Chigorin Memorial"]
[Site "St Petersburg"]
[Date "2015.10.10"]
[Round "8.140"]
[White "Gadzhiev, Farid"]
[Black "Savinov, Leonid"]
[Result "1-0"]
[WhiteElo "1894"]
[BlackElo "2110"]
[PlyCount "111"]
[EventDate "2015.10.03"]
[EventRounds "9"]
[EventCountry "RUS"]

1. e4 c5 2. d4 cxd4 3. c3 Nf6 4. e5 Nd5 5. Qxd4 Nb6 6. Nf3 Nc6 7. Qe4 g6 8. Bf4
Bg7 9. h4 d6 10. Bb5 Bf5 11. Bxc6+ Kf8 12. Qe2 bxc6 13. Nbd2 Nd5 14. Bg3 Bh6
15. Nd4 Nf4 16. Bxf4 Bxf4 17. Nxf5 gxf5 18. exd6 Qxd6 19. g3 Bxd2+ 20. Qxd2
Qxd2+ 21. Kxd2 Rd8+ 22. Ke3 Kg7 23. Rhd1 Rhg8 24. Rd3 Rxd3+ 25. Kxd3 Rd8+ 26.
Kc2 Rd6 27. Re1 Kf6 28. b4 c5 29. b5 c4 30. a4 a6 31. Rb1 axb5 32. Rxb5 Re6 33.
a5 Re2+ 34. Kb1 Rd2 35. a6 Rd8 36. a7 Ra8 37. Ra5 f4 38. gxf4 Kg6 39. Kb2 f5
40. Ka3 Kh5 41. Rxf5+ Kxh4 42. Ra5 Kg4 43. Kb4 h5 44. Kb5 Kxf4 45. Kb6 e5 46.
Kb7 Rh8 47. a8=Q Rxa8 48. Rxa8 Kf3 49. Rh8 Kxf2 50. Rxh5 Ke3 51. Rxe5+ Kd3 52.
Kc6 Kxc3 53. Rc5 Kb3 54. Kd5 c3 55. Kd4 c2 56. Kd3 1-0

[Event "Chigorin Memorial"]
[Site "St Petersburg"]
[Date "2015.10.10"]
[Round "8.141"]
[White "Sorokopudov, Vladimir M"]
[Black "Komarov, Alexey"]
[Result "0-1"]
[WhiteElo "2078"]
[BlackElo "1921"]
[PlyCount "98"]
[EventDate "2015.10.03"]
[EventRounds "9"]
[EventCountry "RUS"]

1. d4 d5 2. Nf3 a6 3. Bg5 Bg4 4. e3 Qd7 5. Be2 Nc6 6. Nbd2 e6 7. c4 f6 8. Bf4
O-O-O 9. cxd5 exd5 10. Rc1 Bd6 11. Bxd6 Qxd6 12. Rc5 Nge7 13. O-O g5 14. a3 h5
15. b4 h4 16. b5 axb5 17. Bxb5 Bxf3 18. Qxf3 Rhg8 19. g4 hxg3 20. fxg3 Rgf8 21.
Bxc6 Nxc6 22. Qf5+ Kb8 23. Rb1 Rfe8 24. Qd3 Rd7 25. Nf1 Nd8 26. Qb5 f5 27. Rb4
c6 28. Qa5 Rc7 29. Ra4 Kc8 30. Qd2 Kd7 31. Qf2 Rf8 32. Ra8 Rc8 33. Rxc8 Kxc8
34. Qf3 Ne6 35. Ra5 Kc7 36. Qh5 f4 37. Qh7+ Kb8 38. Qc2 fxe3 39. Nxe3 Nxd4 40.
Qa4 Nf3+ 41. Kg2 Kc7 42. Ra8 Ne1+ 43. Kh1 Rxa8 44. Qxa8 Nd3 45. Qa5+ Kb8 46.
Nf5 Qf8 47. g4 Nf2+ 48. Kg2 Nxg4 49. h3 Qxf5 0-1